Direito agrário / (Record no. 851)
[ view plain ]
| 000 -LÍDER | |
|---|---|
| Campo Fixo de Controle | 00876nam a2200277 a 4500 |
| 001 - NÚMERO DE CONTROLE | |
| Campo de Controle | 851 |
| 003 - IDENTIFICAÇÃO DO NÚMERO DE CONTROLE | |
| Campo de Controle | BR-CuiBMT |
| 005 - DATA E HORA DA ÚLTIMA ATUALIZAÇÃO | |
| Campo de Controle | 20231129162531.0 |
| 008 - DADOS FIXOS | |
| Dados Fixos | 231117s2015 baba 000 0 por d |
| 020 ## - INTERNATIONAL STANDARD BOOK NUMBER | |
| Nº do ISBN | 9788544209165 |
| 040 ## - AGÊNCIA CATALOGADORA | |
| Código da Agência Catalogadora | BR-CuiBMT |
| Agência que transcreveu o registro | BR-CuiBMT |
| 080 ## - Nº DA CLASSIFICAÇÃO DECIMAL UNIVERSAL | |
| Nº Class. CDU | 349.42 |
| Subd. Auxiliar Comum | (079.1) |
| Nº edição CDU | 2007 |
| 090 ## - NÚMERO DE CHAMADA | |
| Nº classificação | 349.42(079.1) |
| Cutter | F866d |
| 100 10 - ENTRADA PRINCIPAL -- AUTOR PESSOAL | |
| Nome pessoal | Freiria, Rafael Costa |
| 245 10 - TÍTULO PRINCIPAL | |
| Título principal | Direito agrário / |
| Indicação de responsabilidade | Rafael Costa Freiria, Taisa Cintra Dosso. |
| 260 ## - PUBLICAÇÃO, DISTRIBUIÇÃO, ETC. | |
| Local de publicação | Salvador : |
| Editora | JusPODIVM, |
| Data | [2015?] |
| 300 ## - DESCRIÇÃO FÍSICA | |
| N. páginas ou volumes | 171 p : |
| Ilustrações | il. ; |
| Dimensões | 21 cm |
| 490 10 - INDICAÇÃO DE SÉRIE | |
| Título da série | Coleção sinopses para concursos ; |
| Volume/designação sequencial da série | v. 15 |
| 504 ## - NOTA DE BIBLIOGRAFIA, ETC. | |
| Nota de bibliografia | inclui bibliografia. |
| 650 ## - ASSUNTO TÓPICO | |
| Cabeçalho tópico ou nome geográfico | Direito agrário |
| Subdivisão geral | Teoria geral |
| Subdivisão geográfica | Brasil |
| 650 ## - ASSUNTO TÓPICO | |
| Cabeçalho tópico ou nome geográfico | Direito agrário |
| Subdivisão geral | Concurso público |
| 650 ## - ASSUNTO TÓPICO | |
| Cabeçalho tópico ou nome geográfico | Direito agrário |
| Subdivisão geral | Questões de prova |
| 700 ## - ENTRADA SECUNDÁRIA -- NOME PESSOAL | |
| Nome pessoal | Dosso, Taisa Cintra |
| 830 ## - ENTRADA SECUNDÁRIA DE SÉRIE -- TÍTULO UNIFORME | |
| Título uniforme | Sinopses para concursos |
| Nº do volume/designação sequencial da série | 15 |
| 942 ## - ELEMENTOS DE ENTRADA ADICIONAIS (KOHA) | |
| Fonte de classificação ou esquema de arquivamento | Classificação Decimal Universal |
| Tipo de item do Koha | Livros |
| Estado: removido | Estado: perdido | Fonte de classificação ou esquema de arquivamento | Estado: danificado | Indisponível para empréstimo | Localização permanente | Localização atual | Data de aquisição | Total Checkouts | Número de Chamada completo | Código de barras | Date last seen | Número do exemplar | Preço efetivo a partir de | Tipo de item (Koha) |
|---|---|---|---|---|---|---|---|---|---|---|---|---|---|---|
| Classificação Decimal Universal | Biblioteca da Escola Superior de Contas do TCE/MT | Biblioteca da Escola Superior de Contas do TCE/MT | 21/11/2023 | 349.42(079.1) F866d | BIBTCEMT23110792 | 21/11/2023 | Ex. 1 | 21/11/2023 | Livros |